000 01812cam a22003854i 4500
003 PE-LiUPU
005 20250731184101.0
008 190708s2001 pe r 000 0 spa d
020 _a9972401920
035 _a(Sirsi) a252274
040 _aPE-LiUPU
_bspa
_cPE-LiUPU
_erda
049 _aPRUA
082 0 4 _a869.56038
_bC95
_221
245 1 0 _a25 cuentos peruanos /
_cselección, Carlos Garayar.
246 2 3 _aveinticinco cuentos peruanos
264 1 _aLima :
_bEl Comercio,
_c2001.
300 _a359 páginas ;
_c21 centímetros.
336 _atext
_2rdacontent
337 _aunmediated
_2rdamedia
338 _avolume
_2rdacarrier
490 0 _aGran biblioteca El Comercio.
_pLiteratura peruana ;
_v21
505 0 _aUshanan-jampi -- la granja blanca -- yacu-mama -- el cabello Carmelo -- Paco Yunque -- jijuna -- Calixto Garmendia -- warma kuyay -- tata mayo -- mamá alba -- al pie del acantilado -- el niño de junto al cielo -- joche -- ni siquiera tú -- ángel de ocongate -- padres e hijos -- el desafío -- muerte de Sevilla en Madrid -- las manos del manantial -- antes de las doce -- malos modales -- la batalla del pasado -- caballos de medianoche -- muñequita linda -- el limpiador.
526 _aP145
526 _aP127
526 _aP97
526 _aP14
526 _aP07
650 0 4 _aNovela peruana
_y-Siglo XX
_vColecciones.
700 1 _aGarayar, Carlos,
_eseleccionador.
910 _adbm
_bksl
_cksl
_d20190709
596 _a1
942 _2ddc
_cBOOK
999 _a869.56038 C95
_wLC
_c31506
_i80274
_f2021-11-9
_g3
_lCCODEBUL1
_mBUL
_p20.00
_r0
_sY
_tBOOK
_u2019-7-9
_xEDUCACION
_PP20
_0DONACION
_o.STAFF. Colección Ciencias Humanas y Educación
_d31506
980 _81
_gALBERTO SANCHEZ Responsable de Automatización